000 00490nam a2200193Ia 4500
005 20250326124019.0
008 250326s9999 xx 000 0 und d
037 _aTextbook
040 _aFMSL
_beng
_cFMSL
041 _aeng
_2eng
084 _aX L2
_qFMSL
100 _aGill R T
_9124627
245 0 _aEconomics and the public interest
_cGill R T
250 _a2
260 _aUSA
_bUSA, Goodyear
_c1972
300 _a305p
942 _cTB
_hX L2
999 _c1271895
_d1271895